[Event "EWICC 2019"]
[Site "Antalya"]
[Date "2019.04.18"]
[Round "7.15"]
[White "Ovod, Evgenija"]
[Black "Dzagnidze, Nana"]
[Result "1/2-1/2"]
[WhiteElo "2367"]
[BlackElo "2513"]
[Annotator "ChessBase"]
[PlyCount "55"]
[EventDate "2019.04.11"]
[EventType "swiss"]
[EventCountry "TUR"]
[SourceTitle "playchess.com"]
[Source "ChessBase"]
[SourceQuality "1"]

1. e4 c5 2. Nf3 d6 3. d4 cxd4 4. Nxd4 Nf6 5. f3 e5 6. Nb3 Be6 7. c4 Be7 8. Be3 a5 9. Nc3 a4 10. Nd2 Qa5 11. Nd5 Bxd5 12. cxd5 Bd8 13. Qe2 Bb6 14. Qb5+ Nbd7 15. Qxa5 Bxa5 16. Bb5 Ke7 17. Rc1 Bb4 18. Ke2 Ra5 19. Bd3 Bc5 20. Nc4 Bxe3 21. Nxa5 Bxc1 22. Rxc1 Ra8 23. Nc4 g6 24. Rc2 Ne8 25. Kd2 Rc8 26. Na5 Ra8 27. Nc4 Rc8 28. Na5 1/2-1/2

[Event "EWICC 2019"]
[Site "Antalya"]
[Date "2019.04.18"]
[Round "7.16"]
[White "Narva, Mai"]
[Black "Girya, Olga"]
[Result "1/2-1/2"]
[WhiteElo "2365"]
[BlackElo "2461"]
[Annotator "ChessBase"]
[PlyCount "83"]
[EventDate "2019.04.11"]
[EventType "swiss"]
[EventCountry "TUR"]
[SourceTitle "playchess.com"]
[Source "ChessBase"]
[SourceQuality "1"]

1. e4 c6 2. d4 d5 3. Nc3 dxe4 4. Nxe4 Bf5 5. Ng3 Bg6 6. h4 h6 7. Nf3 e6 8. Ne5 Bh7 9. Bd3 Bxd3 10. Qxd3 Nd7 11. Bf4 Nxe5 12. Bxe5 Qa5+ 13. c3 Nf6 14. O-O Ng4 15. Rad1 Nxe5 16. dxe5 Rd8 17. Qxd8+ Qxd8 18. Rxd8+ Kxd8 19. Rd1+ Kc7 20. Rd3 Be7 21. Rf3 Rf8 22. Nh5 g6 23. Nf6 Bxf6 24. Rxf6 Kd7 25. h5 gxh5 26. Rxh6 Ke7 27. Rxh5 Rd8 28. Rh4 Rd1+ 29. Kh2 Rd2 30. Rb4 b5 31. f4 f6 32. exf6+ Kxf6 33. a4 a5 34. Rb3 bxa4 35. Ra3 Rxb2 36. Rxa4 Rc2 37. Rxa5 Rxc3 38. g4 Rf3 39. g5+ Kg6 40. Re5 Rxf4 41. Rxe6+ Kxg5 42. Rxc6 1/2-1/2

[Event "EWICC 2019"]
[Site "Antalya"]
[Date "2019.04.18"]
[Round "7.17"]
[White "Cramling, Pia"]
[Black "Beydullayeva, Govhar"]
[Result "1-0"]
[WhiteElo "2460"]
[BlackElo "2316"]
[Annotator "ChessBase"]
[PlyCount "118"]
[EventDate "2019.04.11"]
[EventType "swiss"]
[EventCountry "TUR"]
[SourceTitle "playchess.com"]
[Source "ChessBase"]
[SourceQuality "1"]

1. c4 c6 2. d4 d5 3. Nf3 Nf6 4. e3 e6 5. Bd3 dxc4 6. Bxc4 a6 7. Qe2 c5 8. dxc5 Bxc5 9. O-O Nc6 10. Rd1 Qc7 11. Nbd2 e5 12. Ng5 O-O 13. Nde4 Nxe4 14. Nxe4 Be7 15. Bd2 b5 16. Bd5 Bb7 17. Rac1 Rad8 18. Be1 Qb6 19. Bb3 Rxd1 20. Rxd1 Na5 21. Bxa5 Qxa5 22. Rd7 Bxe4 23. Rxe7 Bb1 24. a3 e4 25. Qd1 Bd3 26. h3 Qd8 27. Rb7 Qf6 28. Qc1 Kh8 29. Qc5 Rg8 30. Bxf7 Rd8 31. Qe7 Qxe7 32. Rxe7 g6 33. b4 Kg7 34. Bb3+ Kh6 35. h4 Rc8 36. g4 Bc4 37. Bd1 g5 38. hxg5+ Kxg5 39. Rxe4 Bd3 40. Rd4 Rc3 41. Kh2 Rxa3 42. Rd6 Bg6 43. Kg3 Kh6 44. Bc2 Ra2 45. Bxg6 hxg6 46. f4 Ra3 47. f5 Rxe3+ 48. Kf4 Rb3 49. Rxg6+ Kh7 50. Rxa6 Rxb4+ 51. Kg5 Rc4 52. Ra7+ Kg8 53. Rb7 b4 54. f6 b3 55. Rxb3 Rc7 56. Rh3 Ra7 57. Kf5 Ra4 58. g5 Ra7 59. Rb3 Ra8 1-0

[Event "EWICC 2019"]
[Site "Antalya"]
[Date "2019.04.18"]
[Round "7.18"]
[White "Zhukova, Natalia"]
[Black "Shuvalova, Polina"]
[Result "1-0"]
[WhiteElo "2356"]
[BlackElo "2457"]
[Annotator "ChessBase"]
[PlyCount "51"]
[EventDate "2019.04.11"]
[EventType "swiss"]
[EventCountry "TUR"]
[SourceTitle "playchess.com"]
[Source "ChessBase"]
[SourceQuality "1"]

1. Nf3 Nf6 2. c4 g6 3. Nc3 d5 4. cxd5 Nxd5 5. Qa4+ Bd7 6. Qh4 Nb6 7. d4 h6 8. e4 Bg7 9. Be3 c5 10. Rd1 Na4 11. Nxa4 Bxa4 12. b3 Bd7 13. dxc5 Qa5+ 14. Nd2 Nc6 15. Bc4 Ne5 16. O-O g5 17. Qg3 Ng4 18. Nf3 Rd8 19. Rxd7 Rxd7 20. Qxg4 e6 21. a4 a6 22. h4 Bf6 23. e5 Be7 24. Qh5 Bxc5 25. Bxe6 Re7 26. Bxf7+ 1-0

[Event "EWICC 2019"]
[Site "Antalya"]
[Date "2019.04.18"]
[Round "7.19"]
[White "Doluhanova, Evgeniya"]
[Black "Batsiashvili, Nino"]
[Result "1/2-1/2"]
[WhiteElo "2339"]
[BlackElo "2453"]
[Annotator "ChessBase"]
[PlyCount "159"]
[EventDate "2019.04.11"]
[EventType "swiss"]
[EventCountry "TUR"]
[SourceTitle "playchess.com"]
[Source "ChessBase"]
[SourceQuality "1"]

1. e4 g6 2. d4 Bg7 3. Nc3 c6 4. f4 d5 5. e5 f6 6. Nf3 Bg4 7. Be2 Nh6 8. Be3 O-O 9. Nh4 Bxe2 10. Qxe2 e6 11. g3 c5 12. dxc5 fxe5 13. fxe5 Nc6 14. O-O-O Nf7 15. Nf3 Nfxe5 16. Nxe5 Bxe5 17. Bh6 Rf5 18. g4 Rf7 19. h4 Qe7 20. Rdf1 Rxf1+ 21. Rxf1 Bg7 22. Bg5 Qd7 23. h5 Rf8 24. Rd1 Nd4 25. Qe3 Rf3 26. Qe1 gxh5 27. gxh5 Qf7 28. Be3 Nf5 29. Bd2 Rh3 30. Ne2 Ne3 31. Ng1 Nxd1 32. Nxh3 Nxb2 33. Ng5 Qf5 34. Qxe6+ Qxe6 35. Nxe6 Na4 36. Bf4 Bf6 37. Nc7 Nxc5 38. Nxd5 Bd4 39. Kd2 Kf7 40. c3 Bg1 41. c4 Ke6 42. Ke2 Na4 43. Kd3 Kf5 44. Bc1 Nc5+ 45. Ke2 Nd7 46. Ne7+ Kg4 47. h6 Ne5 48. Nd5 Kf5 49. Ne3+ Bxe3 50. Kxe3 Nxc4+ 51. Kd4 Nd6 52. Kd5 Nf7 53. Be3 a5 54. a4 Kg6 55. Bd2 Nxh6 56. Bxa5 Nf7 57. Kc5 h5 58. Be1 Kf5 59. Kb6 Nd6 60. Kc7 Ke6 61. Bb4 Ne4 62. Be1 Nc5 63. a5 Kd5 64. Bf2 Nb3 65. Kb6 Kc4 66. Be1 Nc5 67. Bh4 Nb3 68. Be1 Nc5 69. Bh4 Na4+ 70. Kxb7 Kb5 71. Be1 Nc5+ 72. Kc7 Nd3 73. Bh4 Kxa5 74. Kc6 Kb4 75. Kd5 Kc3 76. Ke4 Kd2 77. Kf5 Ke3 78. Kg5 Nf4 79. Bg3 Ne2 80. Kxh5 1/2-1/2

[Event "EWICC 2019"]
[Site "Antalya"]
[Date "2019.04.18"]
[Round "7.20"]
[White "Socko, Monika"]
[Black "Mammadova, Gulnar"]
[Result "1-0"]
[WhiteElo "2447"]
[BlackElo "2349"]
[Annotator "NA"]
[PlyCount "227"]
[EventDate "2019.04.11"]
[EventType "swiss"]
[EventCountry "TUR"]
[SourceTitle "playchess.com"]
[Source "ChessBase"]
[SourceQuality "1"]

1. e4 e6 2. d4 d5 3. Nd2 a6 4. Bd3 c5 5. dxc5 Bxc5 6. Ngf3 Nc6 7. O-O Nf6 8. exd5 exd5 9. Nb3 Be7 10. Bg5 O-O 11. c3 h6 12. Bf4 Bg4 13. h3 Bh5 14. Re1 Bd6 15. Bxd6 Qxd6 16. Be2 Rfe8 17. Nbd4 Nxd4 18. Nxd4 Bxe2 19. Rxe2 Rxe2 20. Qxe2 Re8 21. Qc2 Qf4 22. Rd1 g6 23. Qc1 Qxc1 24. Rxc1 Kf8 25. Kf1 Ke7 26. Re1+ Kd6 27. Rd1 Ne4 28. Nc2 Nf6 29. Ne3 Kc6 30. Ke2 h5 31. Kf3 g5 32. g3 Re5 33. Rd4 Ne8 34. Nc2 a5 35. Rd1 Nd6 36. Nd4+ Kc7 37. Kg2 f6 38. a4 b6 39. Kf1 Ne4 40. g4 hxg4 41. hxg4 Nc5 42. b3 Re4 43. f3 Re8 44. Kf2 Rh8 45. Kg3 Rh7 46. Re1 Kd7 47. Rd1 Kc7 48. Kg2 Rh8 49. Re1 Kd7 50. Re2 Nd3 51. Kg3 Nc5 52. Nf5 Rh7 53. Rd2 Kc6 54. Nd4+ Kc7 55. b4 Na6 56. bxa5 bxa5 57. Rb2 Rh1 58. Rb5 Ra1 59. Rxa5 Nb8 60. Ra7+ Kd6 61. a5 Nd7 62. Ra6+ Ke7 63. Re6+ Kd8 64. a6 Rg1+ 65. Kf2 Ra1 66. Nb5 Nc5 67. Rxf6 Rxa6 68. Rf5 Ne6 69. Rxd5+ Ke7 70. Ke3 Ra1 71. Nd4 Nf4 72. Rxg5 Ng2+ 73. Kf2 Nf4 74. Rf5 Ra2+ 75. Ke3 Ng2+ 76. Ke4 Ra3 77. Rc5 Ra1 78. Re5+ Kf6 79. Rf5+ Kg6 80. Rb5 Re1+ 81. Kd3 Rd1+ 82. Ke2 Ra1 83. Kf2 Nf4 84. Kg3 Nd3 85. Rb6+ Kf7 86. Kh4 Rc1 87. Rc6 Ra1 88. Kg5 Ra5+ 89. Nf5 Ne5 90. Rc7+ Ke8 91. f4 Nd3 92. Re7+ Kf8 93. Re3 Nf2 94. Re5 Ra3 95. Re3 Nd1 96. Rf3 Rxc3 97. Rxc3 Nxc3 98. Ng3 Nd5 99. f5 Kf7 100. Ne4 Kg7 101. Kh4 Ne3 102. Kg3 Nd5 103. g5 Kf7 104. Kg4 Kg7 105. Ng3 Kf7 106. Kf3 Ne7 107. Ke4 Nc6 108. Nh5 Ne7 109. Nf4 Nc6 110. Nd3 Ne7 111. Ne5+ Kf8 112. f6 Nc8 113. Kd5 Nb6+ 114. Ke4 1-0

[Event "EWICC 2019"]
[Site "Antalya"]
[Date "2019.04.18"]
[Round "7.21"]
[White "Worek, Joanna"]
[Black "Bulmaga, Irina"]
[Result "0-1"]
[WhiteElo "2299"]
[BlackElo "2438"]
[Annotator "NA"]
[PlyCount "66"]
[EventDate "2019.04.11"]
[EventType "swiss"]
[EventCountry "TUR"]
[SourceTitle "playchess.com"]
[Source "ChessBase"]
[SourceQuality "1"]

1. e4 c5 2. Nf3 d6 3. d4 cxd4 4. Nxd4 Nf6 5. Nc3 a6 6. a4 e6 7. Be2 Be7 8. O-O Qc7 9. f4 Nc6 10. Be3 Bd7 11. Nb3 O-O 12. Kh1 b6 13. Bf3 Rad8 14. Qe2 Bc8 15. Qf2 Nd7 16. g4 Bb7 17. Rad1 Nb4 18. g5 Rfe8 19. h4 Bf8 20. h5 g6 21. h6 d5 22. exd5 Nxd5 23. Nxd5 Bxd5 24. Bxd5 exd5 25. Bd4 Nc5 26. Be5 Qd7 27. Qf3 Ne4 28. Bd4 Rc8 29. c3 b5 30. a5 b4 31. Nc1 bxc3 32. bxc3 Qf5 33. Rde1 Nxg5 0-1

[Event "EWICC 2019"]
[Site "Antalya"]
[Date "2019.04.18"]
[Round "7.22"]
[White "Solozhenkina, Elizaveta"]
[Black "Hoang, Thanh Trang"]
[Result "1/2-1/2"]
[WhiteElo "2330"]
[BlackElo "2435"]
[Annotator "NA"]
[PlyCount "72"]
[EventDate "2019.04.11"]
[EventType "swiss"]
[EventCountry "TUR"]
[SourceTitle "playchess.com"]
[Source "ChessBase"]
[SourceQuality "1"]

1. e4 e6 2. d4 d5 3. Nc3 Nf6 4. Bg5 Be7 5. e5 Nfd7 6. h4 c5 7. Bxe7 Kxe7 8. f4 Qb6 9. Na4 Qa5+ 10. c3 b6 11. Rb1 Nc6 12. Nf3 Ba6 13. Bxa6 Qxa6 14. b4 cxb4 15. cxb4 b5 16. Nc3 Nb6 17. O-O Nc4 18. Qd3 Qb6 19. f5 g6 20. fxe6 fxe6 21. Kh1 Raf8 22. Ne2 Kd7 23. Ng5 Rf5 24. g4 Nxb4 25. Qc3 Rxf1+ 26. Rxf1 Nc6 27. Rf7+ Kc8 28. Nxe6 N6xe5 29. dxe5 Qxe6 30. Rxa7 Kb8 31. Nd4 Qxg4 32. Nc6+ Kc8 33. Ne7+ Kb8 34. Nc6+ Kc8 35. Ne7+ Kb8 36. Nc6+ Kc8 1/2-1/2

[Event "EWICC 2019"]
[Site "Antalya"]
[Date "2019.04.18"]
[Round "7.23"]
[White "Houska, Jovanka"]
[Black "Injac, Teodora"]
[Result "1-0"]
[WhiteElo "2426"]
[BlackElo "2310"]
[Annotator "NA"]
[PlyCount "77"]
[EventDate "2019.04.11"]
[EventType "swiss"]
[EventCountry "TUR"]
[SourceTitle "playchess.com"]
[Source "ChessBase"]
[SourceQuality "1"]

1. d4 Nf6 2. Nf3 g6 3. g3 Bg7 4. Bg2 O-O 5. O-O d6 6. Re1 Nbd7 7. e4 e5 8. Nc3 Re8 9. h3 b6 10. d5 Bb7 11. a4 a6 12. Bg5 h6 13. Be3 Qe7 14. Qd2 Kh7 15. Nh2 Qf8 16. Rf1 Rac8 17. Ng4 Ng8 18. f4 exf4 19. Rxf4 h5 20. Raf1 Re7 21. Nh2 Be5 22. R4f3 Qg7 23. g4 Nc5 24. gxh5 Bxc3 25. bxc3 Nxe4 26. Qd3 c5 27. hxg6+ Qxg6 28. Ng4 Rf8 29. Kh2 f5 30. Rf4 Bc8 31. Rg1 Qh5 32. Nf2 Nxf2 33. Bxf2 Nh6 34. Rh4 Qe8 35. Bf3 Rf6 36. Bh5 Qf8 37. Be3 c4 38. Rxc4 Nf7 39. Bxf7 1-0

[Event "EWICC 2019"]
[Site "Antalya"]
[Date "2019.04.18"]
[Round "7.24"]
[White "Buksa, Nataliya"]
[Black "Belenkaya, Dina"]
[Result "0-1"]
[WhiteElo "2407"]
[BlackElo "2297"]
[Annotator "ChessBase"]
[PlyCount "140"]
[EventDate "2019.04.11"]
[EventType "swiss"]
[EventCountry "TUR"]
[SourceTitle "playchess.com"]
[Source "ChessBase"]
[SourceQuality "1"]

1. e4 c6 2. d4 d5 3. e5 Bf5 4. Nd2 e6 5. Nb3 c5 6. dxc5 Bxc5 7. Nxc5 Qa5+ 8. c3 Qxc5 9. Be3 Qc7 10. f4 Ne7 11. Nf3 O-O 12. Be2 Nd7 13. O-O Nb6 14. Bd4 Rfd8 15. h3 Nc4 16. g4 Be4 17. b3 Na5 18. Ng5 Nac6 19. Be3 Qa5 20. b4 Qc7 21. b5 Na5 22. Bd4 Nc4 23. Rf2 h6 24. Nxe4 dxe4 25. Qa4 e3 26. Rf3 Nd2 27. Rxe3 Nd5 28. Rd3 Ne4 29. Bf3 Ndxc3 30. Qb4 Nd5 31. Qa3 Nxf4 32. Bxe4 Ne2+ 33. Kh1 Rxd4 34. Rxd4 Nxd4 35. Rd1 Nxb5 36. Qd3 Nc3 37. Rc1 Rc8 38. Qd4 b6 39. Rc2 Qc4 40. Qxc4 Rxc4 41. Bd3 Rc5 42. Kg2 Nd5 43. Rxc5 bxc5 44. Kf3 f6 45. Bc4 Kf7 46. Ke4 Nb6 47. Bb5 Ke7 48. h4 Nd7 49. exf6+ gxf6 50. a3 Kd6 51. Be2 Nb6 52. Bf1 Nd5 53. Ba6 Ne7 54. Bb5 Ng6 55. h5 Ne5 56. Be2 Nc6 57. Bb5 Nd4 58. Bc4 Nc2 59. a4 a5 60. Bb5 Nb4 61. Bc4 Nd5 62. Bb3 Nb6 63. Bd1 c4 64. Kd4 e5+ 65. Ke4 Nd5 66. Kf5 c3 67. Bb3 Ne3+ 68. Kxf6 Nxg4+ 69. Kf5 Nf2 70. Bc2 Kd5 0-1

[Event "EWICC 2019"]
[Site "Antalya"]
[Date "2019.04.18"]
[Round "7.25"]
[White "Yildiz Kadioglu, Betul Cemre"]
[Black "Guseva, Marina"]
[Result "0-1"]
[WhiteElo "2281"]
[BlackElo "2404"]
[Annotator "NA"]
[PlyCount "78"]
[EventDate "2019.04.11"]
[EventType "swiss"]
[EventCountry "TUR"]
[SourceTitle "playchess.com"]
[Source "ChessBase"]
[SourceQuality "1"]

1. e4 c5 2. Nf3 d6 3. Bb5+ Nd7 4. O-O a6 5. Bd3 Ngf6 6. c3 b5 7. a4 b4 8. Bc2 Bb7 9. Re1 Rc8 10. d3 e6 11. a5 bxc3 12. bxc3 Be7 13. Nbd2 O-O 14. Nc4 d5 15. exd5 Nxd5 16. Bd2 Qc7 17. Nfe5 Nxe5 18. Nxe5 Bf6 19. Qe2 Ba8 20. f4 Rb8 21. Qf2 Rfd8 22. Ra3 g6 23. Bb3 Qe7 24. Bc4 Rb2 25. Bxa6 c4 26. Nxc4 Rxd2 27. Qxd2 Qa7+ 28. Nb6 Qxa6 29. Nxa8 Rxa8 30. Rc1 Qd6 31. Ra4 Rxa5 32. Rxa5 Qb6+ 33. d4 Qxa5 34. g3 Bd8 35. h3 Qa3 36. Rb1 Ba5 37. Rb8+ Kg7 38. Qe2 Bc7 39. Rc8 Qxc3 0-1

[Event "EWICC 2019"]
[Site "Antalya"]
[Date "2019.04.18"]
[Round "7.26"]
[White "Arabidze, Meri"]
[Black "Olsarova, Karolina"]
[Result "1/2-1/2"]
[WhiteElo "2399"]
[BlackElo "2264"]
[Annotator "ChessBase"]
[PlyCount "133"]
[EventDate "2019.04.11"]
[EventType "swiss"]
[EventCountry "TUR"]
[SourceTitle "playchess.com"]
[Source "ChessBase"]
[SourceQuality "1"]

1. d4 d5 2. c4 c6 3. Nf3 Nf6 4. e3 Bf5 5. Nc3 e6 6. Nh4 Be4 7. Qb3 Qb6 8. c5 Qc7 9. f3 Bg6 10. g3 Nbd7 11. Bd2 Be7 12. Nxg6 hxg6 13. Qd1 e5 14. Kf2 g5 15. Bg2 g6 16. b4 a6 17. Rb1 Kf8 18. Be1 Kg7 19. Kg1 exd4 20. exd4 Nh5 21. Qd2 Nf8 22. Bf2 Qd7 23. a4 Re8 24. b5 axb5 25. axb5 Bd8 26. Bf1 Ne6 27. Ra1 Nf6 28. Ra7 Qc8 29. Be2 Qb8 30. Ra1 Rh7 31. Qb2 Nd7 32. bxc6 bxc6 33. Qxb8 Nxb8 34. Kg2 Bf6 35. Ra4 Nxc5 36. dxc5 Bxc3 37. Bd3 Nd7 38. Rc1 Bf6 39. Bf1 Reh8 40. Bg1 Rb8 41. Rc2 Rhh8 42. Ra7 Rhd8 43. f4 gxf4 44. gxf4 Rb4 45. Rc7 Nb8 46. Bf2 Rd7 47. Rc8 Rd8 48. Rc7 Rd7 49. Rc8 Rdb7 50. Be2 Bd4 51. Bg3 Rb2 52. Rxb2 Rxb2 53. Kf3 Rb3+ 54. Kg2 Rb2 55. Kf3 Rb3+ 56. Kg2 Nd7 57. Rxc6 Rb2 58. Kf3 Rb3+ 59. Kg2 Nxc5 60. Rd6 Rb2 61. Kf3 Rb3+ 62. Kg2 Rb2 63. Kf3 Rb3+ 64. Kg2 Ne4 65. Rxd5 Nc3 66. Rxd4 Nxe2 67. Rd2 1/2-1/2

[Event "EWICC 2019"]
[Site "Antalya"]
[Date "2019.04.18"]
[Round "7.27"]
[White "Melia, Salome"]
[Black "Hernandez Estevez, Yudania"]
[Result "0-1"]
[WhiteElo "2393"]
[BlackElo "2198"]
[Annotator "NA"]
[PlyCount "92"]
[EventDate "2019.04.11"]
[EventType "swiss"]
[EventCountry "TUR"]
[SourceTitle "playchess.com"]
[Source "ChessBase"]
[SourceQuality "1"]

1. e4 d6 2. d4 Nf6 3. Nc3 g6 4. g3 Bg7 5. Bg2 O-O 6. Nge2 Nbd7 7. O-O c5 8. dxc5 Nxc5 9. h3 Bd7 10. Be3 Rc8 11. a4 b6 12. g4 a6 13. Ng3 b5 14. axb5 axb5 15. Nce2 Qc7 16. Qd2 Na4 17. b3 Nc5 18. Ra2 Bc6 19. f3 Ra8 20. Rxa8 Rxa8 21. Nd4 Bd7 22. g5 Ne8 23. f4 e5 24. fxe5 dxe5 25. Nde2 Ne6 26. Nf5 gxf5 27. exf5 Rc8 28. fxe6 Bxe6 29. Rc1 Nd6 30. Ng3 Nf5 31. Nxf5 Bxf5 32. c4 bxc4 33. bxc4 e4 34. Qf2 Qd7 35. h4 Rb8 36. c5 Rb2 37. c6 Qd3 38. Qe1 Re2 39. Qg3 Rxe3 40. Qb8+ Bf8 41. c7 Qd4 42. Kh1 Rc3 43. Qb1 Rxc1+ 44. Qxc1 e3 45. c8=Q Bxc8 46. Qxc8 e2 0-1

[Event "EWICC 2019"]
[Site "Antalya"]
[Date "2019.04.18"]
[Round "7.28"]
[White "Vega Gutierrez, Sabrina"]
[Black "Mamedjarova, Turkan"]
[Result "0-1"]
[WhiteElo "2391"]
[BlackElo "2256"]
[Annotator "NA"]
[PlyCount "68"]
[EventDate "2019.04.11"]
[EventType "swiss"]
[EventCountry "TUR"]
[SourceTitle "playchess.com"]
[Source "ChessBase"]
[SourceQuality "1"]

1. e4 e5 2. Nf3 Nc6 3. Bb5 a6 4. Ba4 Nf6 5. O-O Be7 6. Re1 b5 7. Bb3 d6 8. a3 O-O 9. c3 Nb8 10. d4 Nbd7 11. Nbd2 c5 12. Bc2 Re8 13. Nf1 Bf8 14. Ne3 exd4 15. Nf5 Bb7 16. Bg5 dxc3 17. Nxd6 cxb2 18. Rb1 Bxd6 19. Qxd6 Bxe4 20. Bxe4 Rxe4 21. Red1 Qb6 22. Qg3 Qb8 23. Qh3 h6 24. Be3 Qe8 25. Rxb2 Ng4 26. Bc1 Nde5 27. Nxe5 Qxe5 28. g3 Re1+ 29. Rxe1 Qxe1+ 30. Qf1 Re8 31. Rc2 Qe4 32. Qd1 Ne5 33. Rc3 Nf3+ 34. Kh1 Nh4+ 0-1

[Event "EWICC 2019"]
[Site "Antalya"]
[Date "2019.04.18"]
[Round "7.29"]
[White "Radeva, Viktoria"]
[Black "Zimina, Olga"]
[Result "0-1"]
[WhiteElo "2192"]
[BlackElo "2377"]
[Annotator "NA"]
[PlyCount "108"]
[EventDate "2019.04.11"]
[EventType "swiss"]
[EventCountry "TUR"]
[SourceTitle "playchess.com"]
[Source "ChessBase"]
[SourceQuality "1"]

1. e4 e5 2. Nf3 Nc6 3. Bc4 Bc5 4. c3 Nf6 5. d4 exd4 6. cxd4 Bb4+ 7. Bd2 Bxd2+ 8. Nbxd2 d5 9. exd5 Nxd5 10. Qb3 Na5 11. Qa4+ Nc6 12. Qb3 Nce7 13. O-O O-O 14. Rfe1 c6 15. a4 a5 16. Rac1 Qd6 17. Ne4 Qb4 18. Nc5 Qxb3 19. Bxb3 Rd8 20. Ne5 Kf8 21. g3 h6 22. Rcd1 b6 23. Ne4 Be6 24. Rc1 Rac8 25. Bc4 Nc7 26. Bf1 Bd5 27. Bh3 Ne6 28. Nd2 Rc7 29. Ndf3 g5 30. Bxe6 Bxe6 31. Nc4 Nc8 32. Red1 f6 33. Rd2 Rcd7 34. Ne3 Ne7 35. g4 c5 36. Nc4 Bxg4 37. Nxb6 Rd6 38. Nc4 Bxf3 39. Nxd6 Rxd6 40. Rxc5 Re6 41. Kf1 Nd5 42. Rc1 h5 43. h3 Re4 44. Rdc2 Rh4 45. Ke1 Rxd4 46. Rc4 Rd3 47. Rc5 Nf4 48. Rxa5 Rd4 49. Ra1 Ng2+ 50. Kf1 Rh4 51. Rf5 g4 52. a5 Rxh3 53. Rxf3 gxf3 54. Kg1 Nf4 0-1

[Event "EWICC 2019"]
[Site "Antalya"]
[Date "2019.04.18"]
[Round "7.30"]
[White "Majdan, Joanna"]
[Black "Petrenko, Svetlana"]
[Result "1-0"]
[WhiteElo "2377"]
[BlackElo "2155"]
[Annotator "NA"]
[PlyCount "73"]
[EventDate "2019.04.11"]
[EventType "swiss"]
[EventCountry "TUR"]
[SourceTitle "playchess.com"]
[Source "ChessBase"]
[SourceQuality "1"]

1. e4 c5 2. Nf3 Nc6 3. Bb5 Qb6 4. Nc3 e6 5. O-O a6 6. Bxc6 Qxc6 7. d4 cxd4 8. Nxd4 Qc7 9. Re1 d6 10. Bf4 Be7 11. e5 d5 12. Qg4 Kf8 13. Qf3 Qb6 14. Nb3 Bd7 15. Rad1 Bc6 16. Be3 Qc7 17. Nd4 Qd7 18. Nce2 Re8 19. Nf4 Bd8 20. Bd2 g5 21. Bb4+ Kg7 22. Nh5+ Kg6 23. h4 f5 24. hxg5 Bxg5 25. Qh3 Nh6 26. Rd3 Reg8 27. Rg3 Kf7 28. Rxg5 Rxg5 29. Nf6 Qc7 30. Qxh6 Rg6 31. Qh4 h6 32. Qh5 Qb6 33. c3 Bb5 34. Re3 f4 35. Rf3 a5 36. Rxf4 Kg7 37. Bd6 1-0

[Event "EWICC 2019"]
[Site "Antalya"]
[Date "2019.04.18"]
[Round "7.31"]
[White "Garifullina, Leya"]
[Black "Matnadze, Ana"]
[Result "1/2-1/2"]
[WhiteElo "2085"]
[BlackElo "2367"]
[Annotator "NA"]
[PlyCount "83"]
[EventDate "2019.04.11"]
[EventType "swiss"]
[EventCountry "TUR"]
[SourceTitle "playchess.com"]
[Source "ChessBase"]
[SourceQuality "1"]

1. e4 c6 2. d4 d5 3. e5 a6 4. Nd2 c5 5. dxc5 Qc7 6. Ngf3 Bg4 7. h3 Bxf3 8. Nxf3 e6 9. a3 Bxc5 10. b4 Ba7 11. Bb2 Ne7 12. Bd3 Ng6 13. O-O Nd7 14. Re1 Nb6 15. Bd4 Nc4 16. c3 Nb2 17. Qd2 Nxd3 18. Qxd3 Ne7 19. Rec1 Qd7 20. Bxa7 Rxa7 21. c4 dxc4 22. Qxc4 O-O 23. Qe4 h6 24. Rc2 a5 25. Rac1 Nd5 26. Ne1 axb4 27. axb4 Ra3 28. Nd3 Qb5 29. Rc4 Ra2 30. Nf4 Nxf4 31. Qxf4 Re2 32. Rc5 Qd3 33. Rc8 Re1+ 34. Kh2 Rxc1 35. Qxc1 Qe4 36. Rxf8+ Kxf8 37. Qc8+ Ke7 38. Qc7+ Ke8 39. Qc8+ Ke7 40. Qc7+ Ke8 41. Qc8+ Ke7 42. Qc7+ 1/2-1/2

[Event "EWICC 2019"]
[Site "Antalya"]
[Date "2019.04.18"]
[Round "7.32"]
[White "Stefanova, Antoaneta"]
[Black "Rakhmangulova, Anastasiya"]
[Result "1-0"]
[WhiteElo "2464"]
[BlackElo "2255"]
[Annotator "ChessBase"]
[PlyCount "79"]
[EventDate "2019.04.11"]
[EventType "swiss"]
[EventCountry "TUR"]
[SourceTitle "playchess.com"]
[Source "ChessBase"]
[SourceQuality "1"]

1. d4 d5 2. c4 c6 3. Nf3 Nf6 4. Qc2 e6 5. Nbd2 Nbd7 6. g3 Bd6 7. Bg2 O-O 8. O-O Re8 9. Rd1 Qc7 10. e4 dxe4 11. Nxe4 Nxe4 12. Qxe4 Nf6 13. Qc2 c5 14. Bg5 Nd7 15. Be3 a6 16. a3 cxd4 17. Rxd4 e5 18. Rh4 g6 19. Ng5 Be7 20. Bd5 Bxg5 21. Bxg5 Nf8 22. Qb3 Rb8 23. Qe3 Be6 24. Bg2 f5 25. c5 Bf7 26. Rc1 Ne6 27. Bf6 Nd4 28. Rxh7 Kxh7 29. Qg5 Ne2+ 30. Kh1 Bb3 31. Qh4+ Kg8 32. Qh8+ Kf7 33. Qg7+ Ke6 34. Qxc7 Kxf6 35. Re1 Nd4 36. Qd6+ Kg7 37. Rxe5 Red8 38. Re7+ Bf7 39. Qe5+ Kg8 40. Qf6 1-0

[Event "EWICC 2019"]
[Site "Antalya"]
[Date "2019.04.18"]
[Round "7.33"]
[White "Sargsyan, Anna M."]
[Black "Rodshtein, Tereza"]
[Result "1-0"]
[WhiteElo "2327"]
[BlackElo "2234"]
[Annotator "NA"]
[PlyCount "43"]
[EventDate "2019.04.11"]
[EventType "swiss"]
[EventCountry "TUR"]
[SourceTitle "playchess.com"]
[Source "ChessBase"]
[SourceQuality "1"]

1. d4 d5 2. c4 c6 3. cxd5 cxd5 4. Bf4 Nc6 5. e3 Nf6 6. Nc3 Bf5 7. Nf3 e6 8. Qb3 Bb4 9. Ne5 Bxc3+ 10. bxc3 Nxe5 11. Bxe5 O-O 12. Rc1 Rc8 13. Qxb7 Ne4 14. f3 Nxc3 15. Ba6 f6 16. Qxc8 Qxc8 17. Bxc8 Rxc8 18. Bg3 Rc4 19. Kd2 Na4 20. Rxc4 dxc4 21. e4 Bg6 22. Rb1 1-0

[Event "EWICC 2019"]
[Site "Antalya"]
[Date "2019.04.18"]
[Round "7.34"]
[White "Tomilova, Elena"]
[Black "Abdulla, Khayala"]
[Result "1/2-1/2"]
[WhiteElo "2307"]
[BlackElo "2228"]
[Annotator "NA"]
[PlyCount "158"]
[EventDate "2019.04.11"]
[EventType "swiss"]
[EventCountry "TUR"]
[SourceTitle "playchess.com"]
[Source "ChessBase"]
[SourceQuality "1"]

1. d4 Nf6 2. Bg5 d5 3. Bxf6 gxf6 4. e3 c5 5. dxc5 e6 6. Nf3 Nc6 7. Be2 Bxc5 8. O-O O-O 9. c4 dxc4 10. Nbd2 f5 11. Nxc4 Qf6 12. Rc1 b6 13. a3 Rd8 14. Qc2 Bb7 15. b4 Bf8 16. b5 Ne7 17. Nfe5 Rac8 18. Qa4 Ng6 19. f4 Nxe5 20. fxe5 Qg5 21. Bf3 Bd5 22. Kh1 Bxc4 23. Rxc4 Qxe3 24. Bc6 Rd2 25. Rh4 Qxe5 26. Rh3 Rcd8 27. Qh4 h6 28. Qh5 Qe2 29. Rg3+ Bg7 30. Qxe2 Rxe2 31. h3 Kf8 32. Rgf3 Red2 33. g4 fxg4 34. Rxf7+ Kg8 35. hxg4 R8d3 36. R7f3 Rxf3 37. Rxf3 Rd4 38. Be8 e5 39. Bf7+ Kh7 40. Be6 Kg6 41. Kg2 e4 42. Rf5 Bf6 43. Rd5 Ra4 44. Bf5+ Kf7 45. Rd7+ Be7 46. Rc7 e3 47. Kf3 Rxa3 48. Bc2 Ke8 49. Rc8+ Bd8 50. Bg6+ Ke7 51. Bc2 Ra5 52. Bd3 Ra4 53. Rc4 Ra3 54. Kxe3 Ke6 55. Re4+ Kf7 56. Rf4+ Kg7 57. Rd4 Be7 58. Ke4 Kf6 59. Rd5 Ra4+ 60. Rd4 Ra1 61. Bc2 Bc5 62. Rd1 Ra2 63. Rd2 Rb2 64. Rh2 Kg7 65. Rd2 Kf6 66. Rh2 Rxb5 67. Rxh6+ Kg5 68. Rh7 Rb2 69. Bd3 a5 70. Rg7+ Kf6 71. Rg8 Rb4+ 72. Kf3 a4 73. g5+ Kf7 74. Ra8 b5 75. Rb8 Rb3 76. Ke4 a3 77. Rxb5 Rxb5 78. Bxb5 Kg6 79. Bc4 Kxg5 1/2-1/2